|
|
|
|
| LEADER |
00802cam a2200217 7i4500 |
| 001 |
0000009018 |
| 005 |
20210126090000.0 |
| 020 |
|
|
|a 354043805X (hbk.)
|
| 020 |
|
|
|a 9783540438052
|
| 090 |
0 |
0 |
|a TS933.L5
|b .T48 2003
|
| 100 |
3 |
|
|a Tetsuo, Koshijima
|
| 245 |
1 |
0 |
|a Association between lignin and carbohydrates in wood and other plants tissues
|c Tetsuo Koshijima, Takashi Watanabe.
|
| 260 |
|
|
|a Berlin:
|b Springer,
|c 2003.
|
| 300 |
|
|
|a ix, 329 p.:
|b ill.;
|c 24 cm.
|
| 490 |
0 |
|
|a Springer series in wood science
|
| 504 |
|
|
|a Includes bibliographical references and index
|
| 650 |
0 |
0 |
|a Lignin
|
| 650 |
0 |
0 |
|a Wood --
|x Chemistry
|
| 700 |
1 |
|
|a Tetsuo, Watanabe
|
| 997 |
|
|
|a Engineering & Life Sciences, Faculty
|b Science & Biotechnology, Department
|
| 999 |
|
|
|a 0000011710
|b BOK
|c OPEN SHELF
|e 2nd Floor, Bestari Jaya
|